La nueva lingüística en la enseñanza media: fundamentos teóricos y propuesta metodológica

Uloženo v:
Podrobná bibliografie
Hlavní autor: Viramonte de Avalos, Magdalena (Autor)
Médium: Kniha
Jazyk:španělština
Vydáno: Buenos Aires Colihue 1996
Edice:Colección Nuevos Caminos
Témata:
Tagy: Přidat tag
Žádné tagy, Buďte první, kdo vytvoří štítek k tomuto záznamu!

MARC

LEADER 00000nam a2200000 a 4500
001 UCO9208
003 CL-VaPUC
008 010119e19960000AG |||||||||||||||||spa|d
082 0 4 |a 372.6  |b VIR  |2 21 
100 0 |a Viramonte de Avalos, Magdalena  |e author  |9 454210 
245 1 3 |a La nueva lingüística en la enseñanza media: fundamentos teóricos y propuesta metodológica 
300 |a 109 p 
942 |c BK 
945 |d 20010119 00:00:00  |a cmena 
260 |a Buenos Aires  |b Colihue  |c 1996 
650 0 |a Educación lingüística  |9 306506 
650 0 |a Métodos de enseñanza  |9 270413 
650 0 |a Planificación de la educación   |9 307333 
583 |a last modification  |c 20010119 00:00:00  |k Rodrigo Vera 
490 0 |a Colección Nuevos Caminos 
999 |c 293482  |d 293480 
952 |0 0  |1 0  |4 0  |6 372_600000000000000_VIR_1996  |7 0  |8 A  |9 345043  |a FDOPOS  |b FDOPOS  |d 2019-11-20  |i 3684210  |o 372.6 VIR 1996  |p 3684210  |r 2025-01-22  |w 2019-11-20  |y BK  |k MLA 
952 |0 0  |1 0  |4 0  |6 372_600000000000000_VIR_1996  |7 0  |8 A  |9 345044  |a FDOPOS  |b FDOPOS  |d 2019-11-20  |i 3684229  |o 372.6 VIR 1996  |p 3684229  |r 2025-01-22  |w 2019-11-20  |y BK  |k MLA